[Event "Naantali Avoin op"]
[Site "Naantali"]
[Date "2016.07.09"]
[Round "8"]
[White "Linden, Lari"]
[Black "Haanpaa, Jorma"]
[Result "1-0"]
[WhiteElo "2139"]
[BlackElo "2021"]
[PlyCount "69"]
[EventDate "2016.07.04"]
[EventType "swiss"]
[EventRounds "9"]
[EventCountry "FIN"]
[SourceTitle "EXT 2017"]
[Source "ChessBase"]
[SourceDate "2016.10.25"]
[SourceVersion "1"]
[SourceVersionDate "2016.10.25"]
[SourceQuality "1"]

1. d4 Nf6 2. c4 e6 3. g3 d5 4. Nf3 c5 5. cxd5 exd5 6. Nc3 Nc6 7. Bg2 Be7 8. 0-0 0-0 9. Bg5 cxd4 10. Nxd4 h6 11. Nxc6 bxc6 12. Be3 Bf5 13. Na4 Qa5 14. Rc1 Rac8 15. Bc5 Bxc5 16. Rxc5 Qa6 17. b4 Rfe8 18. Re1 Ne4 19. Ra5 Qb7 20. Qd4 Re7 21. Nc5 Nxc5 22. Qxc5 Rce8 23. e3 Rc7 24. Rc1 Ree7 25. Qc3 Be4 26. Rc5 Bxg2 27. Kxg2 Re4 28. a3 Re6 29. Kg1 Rd6 30. b5 Qc8 31. Rxc6 Rcxc6 32. bxc6 Qc7 33. Qc5 a6 34. Qxd6 Qxd6 35. c7 1-0

[Event "Naantali Avoin op"]
[Site "Naantali"]
[Date "2016.07.05"]
[Round "2"]
[White "Niemi, Kalle"]
[Black "Haanpaa, Jorma"]
[Result "1-0"]
[WhiteElo "2323"]
[BlackElo "2021"]
[PlyCount "91"]
[EventDate "2016.07.04"]
[EventType "swiss"]
[EventRounds "9"]
[EventCountry "FIN"]
[SourceTitle "EXT 2017"]
[Source "ChessBase"]
[SourceDate "2016.10.25"]
[SourceVersion "1"]
[SourceVersionDate "2016.10.25"]
[SourceQuality "1"]

1. d4 Nf6 2. c4 e6 3. Nf3 b6 4. Nc3 Bb4 5. Bg5 Bb7 6. Nd2 Bxc3 7. bxc3 h6 8. Bh4 d5 9. cxd5 exd5 10. e3 0-0 11. Bd3 Re8 12. 0-0 Nbd7 13. Qf3 g5 14. Bg3 Ne4 15. Bxe4 dxe4 16. Qf5 c5 17. f3 exf3 18. Rae1 Qe7 19. gxf3 Qe6 20. Qxe6 fxe6 21. Ne4 Ba6 22. Rf2 Rec8 23. f4 Bd3 24. Nd6 Rf8 25. e4 Ba6 26. f5 exf5 27. Nxf5 cxd4 28. cxd4 Kh7 29. Bd6 Rf7 30. e5 Bd3 31. e6 Rxf5 32. exd7 Rd5 33. Rf6 Kg7 34. Re8 Kxf6 35. Rxa8 Rxd6 36. d8Q+ Rxd8 37. Rxd8 Ke6 38. Kf2 h5 39. Ke3 Bc4 40. a3 a5 41. Rh8 b5 42. Rxh5 Kf6 43. Rh6+ Kf5 44. Ra6 a4 45. Rc6 g4 46. Rc5+ 1-0

[Event "Helsinki We HSK III Talviturnaus"]
[Site "Helsinki"]
[Date "2016.01.30"]
[Round "2"]
[White "Haanpaa, Jorma"]
[Black "Lonnqvist, Henrik"]
[Result "1/2-1/2"]
[WhiteElo "2014"]
[BlackElo "2030"]
[PlyCount "84"]
[EventDate "2016.01.29"]
[EventType "swiss"]
[EventRounds "5"]
[EventCountry "FIN"]
[SourceTitle "EXT 2022"]
[Source "ChessBase"]
[SourceDate "2021.10.06"]
[SourceVersion "1"]
[SourceVersionDate "2021.10.06"]
[SourceQuality "1"]

1. e4 c5 2. Nf3 d6 3. c3 Nf6 4. Bc4 e6 5. Qe2 Nc6 6. d4 cxd4 7. cxd4 d5 8. exd5 Nxd5 9. 0-0 Be7 10. Nc3 0-0 11. Bb3 Bf6 12. Rd1 b6 13. Ne4 Na5 14. Nxf6+ Nxf6 15. Bc2 Bb7 16. Bg5 Qd5 17. b4 Nc4 18. Bb3 b5 19. a4 a6 20. Rac1 Rac8 21. Qf1 Ne4 22. Be7 Rfe8 23. Bc5 f6 24. axb5 axb5 25. Bxc4 bxc4 26. Qxc4 Qxc4 27. Rxc4 Nd6 28. Rc3 Nb5 29. Re3 Kf7 30. Nd2 Bd5 31. f3 Ra8 32. Ne4 Red8 33. Rd2 Ra1+ 34. Kf2 Bc4 35. Re1 Rxe1 36. Kxe1 Ra8 37. Nd6+ Nxd6 38. Bxd6 Ra1+ 39. Kf2 Ra2 40. Rxa2 Bxa2 41. b5 Bc4 42. b6 Bd5 1/2-1/2

[Event "Helsinki Harri Hurmeen 70 A"]
[Site "Helsinki"]
[Date "2015.06.07"]
[Round "5"]
[White "Haanpaa, Jorma"]
[Black "Tuovinen, Jukka"]
[Result "1/2-1/2"]
[WhiteElo "1972"]
[BlackElo "2022"]
[PlyCount "59"]
[EventDate "2015.06.07"]
[EventType "swiss"]
[EventRounds "5"]
[EventCountry "FIN"]
[SourceTitle "EXT 2022"]
[Source "ChessBase"]
[SourceDate "2021.10.06"]
[SourceVersion "1"]
[SourceVersionDate "2021.10.06"]
[SourceQuality "1"]

1. e4 e5 2. Nf3 Nc6 3. Bb5 a6 4. Ba4 d6 5. Bxc6+ bxc6 6. d4 f6 7. c3 Ne7 8. 0-0 Ng6 9. Qb3 Be7 10. Nbd2 Bd7 11. Rd1 Qb8 12. dxe5 fxe5 13. h3 Qxb3 14. axb3 0-0 15. Kh2 Be6 16. Nc4 h6 17. Na5 Bd7 18. b4 Bf6 19. Be3 Ne7 20. Rd2 g5 21. Nc4 Be6 22. b3 Kg7 23. Rda2 Bc8 24. Ra5 Bb7 25. R5a2 Rad8 26. Na5 Bc8 27. Rd1 Kg6 28. Nc4 Bg7 29. Rad2 Rde8 30. Ra2 1/2-1/2

[Event "Helsinki Harri Hurmeen 70 A"]
[Site "Helsinki"]
[Date "2015.06.05"]
[Round "1"]
[White "Haanpaa, Jorma"]
[Black "Hurme, Harri M"]
[Result "0-1"]
[WhiteElo "1972"]
[BlackElo "2177"]
[PlyCount "64"]
[EventDate "2015.06.07"]
[EventType "swiss"]
[EventRounds "5"]
[EventCountry "FIN"]
[SourceTitle "EXT 2022"]
[Source "ChessBase"]
[SourceDate "2021.10.06"]
[SourceVersion "1"]
[SourceVersionDate "2021.10.06"]
[SourceQuality "1"]

1. e4 e5 2. Nf3 Nc6 3. Bb5 a6 4. Ba4 Nf6 5. d3 d6 6. c3 g6 7. h3 Bg7 8. Be3 0-0 9. Qd2 d5 10. Bc2 b6 11. Bh6 Bb7 12. Bxg7 Kxg7 13. 0-0 Qe7 14. Qe2 dxe4 15. dxe4 a5 16. Rd1 Nh5 17. g3 Rad8 18. Nbd2 Nb8 19. Nf1 Bc8 20. Kh2 f6 21. Ne3 c6 22. Ng2 Nd7 23. g4 Nf4 24. Nxf4 exf4 25. Nd4 Ne5 26. Nf3 h5 27. gxh5 Rxd1 28. Rxd1 Rh8 29. Ng1 Rxh5 30. f3 Qc5 31. Rd8 Rg5 32. Qf1 Qxg1+ 0-1

[Event "Helsinki We HSK 05 op"]
[Site "Helsinki"]
[Date "2015.05.22"]
[Round "1"]
[White "Haanpaa, Jorma"]
[Black "Ertbjerg, Per"]
[Result "0-1"]
[WhiteElo "2009"]
[BlackElo "1984"]
[PlyCount "118"]
[EventDate "2015.05.22"]
[EventType "swiss"]
[EventRounds "5"]
[EventCountry "FIN"]
[SourceTitle "EXT 2016"]
[Source "ChessBase"]
[SourceDate "2015.10.08"]
[SourceVersion "1"]
[SourceVersionDate "2015.10.08"]
[SourceQuality "1"]

1. e4 c5 2. Nf3 Nc6 3. c3 Nf6 4. e5 Nd5 5. Bc4 Nb6 6. Bb5 g6 7. 0-0 Bg7 8. Re1 0-0 9. h3 Qc7 10. d4 cxd4 11. cxd4 d6 12. Bf4 dxe5 13. dxe5 Rd8 14. Qc1 Nd5 15. Bg3 Ncb4 16. Na3 Qb6 17. Bf1 Bf5 18. Nc4 Qc5 19. a3 Nc2 20. Ne3 Ndxe3 21. Rxe3 Qb6 22. Rc3 Nxa1 23. Qxa1 Rac8 24. b4 Be4 25. Ng5 Rxc3 26. Qxc3 Qc6 27. Qe3 Bd5 28. Qxa7 Qc1 29. Qa5 Qc8 30. Be2 e6 31. Bf3 Bxf3 32. Nxf3 Rd1+ 33. Kh2 h6 34. Bf4 Ra1 35. Qa7 Bf8 36. Bd2 Kh7 37. a4 Ra2 38. a5 Qd7 39. Qe3 Qd5 40. Qf4 f5 41. h4 Rc2 42. Qe3 Bg7 43. g3 Rb2 44. Nd4 Qxe5 45. Nxe6 Qxe3 46. Bxe3 Rxb4 47. Nxg7 Kxg7 48. Kg2 Ra4 49. Bb6 Kf6 50. Kf3 Ke5 51. Ke3 Kd5 52. Kd3 Ra3+ 53. Kc2 Ke4 54. Kb2 Rd3 55. Kc2 Rd5 56. Kc3 Kf3 57. Kc2 Rb5 58. Kc3 Rxb6 59. axb6 Kxf2 0-1

[Event "Helsinki Garde Spring Weekend A"]
[Site "Helsinki"]
[Date "2015.03.08"]
[Round "5"]
[White "Elomaa, Arto"]
[Black "Haanpaa, Jorma"]
[Result "1-0"]
[WhiteElo "2133"]
[BlackElo "1974"]
[PlyCount "71"]
[EventDate "2015.03.06"]
[EventType "swiss"]
[EventRounds "5"]
[EventCountry "FIN"]
[SourceTitle "EXT 2022"]
[Source "ChessBase"]
[SourceDate "2021.10.06"]
[SourceVersion "1"]
[SourceVersionDate "2021.10.06"]
[SourceQuality "1"]

1. e4 e6 2. d4 d5 3. Nd2 dxe4 4. Nxe4 Nd7 5. Nf3 Ngf6 6. Nxf6+ Nxf6 7. Bd3 c5 8. dxc5 Bxc5 9. 0-0 0-0 10. Qe2 b6 11. Rd1 Qe7 12. Bg5 Bb7 13. Nd2 h6 14. Bh4 g5 15. Bg3 Nd5 16. Qh5 Qf6 17. Ne4 Qg7 18. Nxc5 bxc5 19. Bf1 Rfd8 20. a3 Nf6 21. Qe2 Ne4 22. Qb5 Nxg3 23. hxg3 Be4 24. c4 Rdb8 25. Qxc5 Rxb2 26. Rac1 Rb6 27. Qe3 Bf5 28. c5 Rc6 29. Bb5 Rc7 30. c6 a6 31. Qb6 Qe5 32. Rc5 Qxc5 33. Qxc5 axb5 34. Rd7 Rac8 35. Rxc7 Rxc7 36. Qd6 1-0

[Event "Helsinki Garde Spring Weekend A"]
[Site "Helsinki"]
[Date "2015.03.08"]
[Round "4"]
[White "Haanpaa, Jorma"]
[Black "Koykka, Pekka"]
[Result "0-1"]
[WhiteElo "1974"]
[BlackElo "2303"]
[PlyCount "130"]
[EventDate "2015.03.06"]
[EventType "swiss"]
[EventRounds "5"]
[EventCountry "FIN"]
[SourceTitle "EXT 2022"]
[Source "ChessBase"]
[SourceDate "2021.10.06"]
[SourceVersion "1"]
[SourceVersionDate "2021.10.06"]
[SourceQuality "1"]

1. e4 d5 2. exd5 Qxd5 3. Nc3 Qd6 4. d4 Nf6 5. Nf3 c6 6. Bg5 Bg4 7. Be2 Nbd7 8. 0-0 e6 9. Bh4 Qc7 10. Bg3 Bd6 11. Ne5 Bf5 12. Nc4 Bxg3 13. hxg3 Bg6 14. a4 Rd8 15. Bd3 Nb6 16. Ne2 0-0 17. c3 c5 18. Nxb6 Qxb6 19. Bxg6 hxg6 20. Qc2 cxd4 21. Nxd4 Qc5 22. Qe2 Rd5 23. Rad1 Qa5 24. Qc2 Rh5 25. b4 Qc7 26. Nb5 Qb8 27. Rfe1 g5 28. Qd2 a6 29. Nd4 g6 30. Qe3 Nd5 31. Qd3 Kg7 32. Nxe6+ fxe6 33. Rxe6 Nf6 34. Re7+ Rf7 35. Rxf7+ Kxf7 36. Qc4+ Kg7 37. Re1 Qd8 38. Qc5 Rh7 39. Qe7+ Qxe7 40. Rxe7+ Kf8 41. Re6 Nd5 42. Rxg6 Rg7 43. Rd6 Nxc3 44. a5 Ke7 45. Rd3 Nb5 46. f4 Ke6 47. Kf2 Rc7 48. Re3+ Kf6 49. Re5 g4 50. Rg5 Rc2+ 51. Kf1 Rb2 52. Rxg4 Rxb4 53. Rg8 Ra4 54. Rb8 Nd6 55. Kf2 Rxa5 56. g4 Ra2+ 57. Kf3 Ra3+ 58. Ke2 a5 59. g5+ Ke6 60. g4 Rg3 61. f5+ Ke5 62. Ra8 Rxg4 63. Rxa5+ b5 64. f6 Rxg5 65. f7 Rf5 0-1

[Event "Helsinki We HSK 01 op"]
[Site "Helsinki"]
[Date "2015.01.25"]
[Round "4"]
[White "Sorvari, Jarmo"]
[Black "Haanpaa, Jorma"]
[Result "1-0"]
[WhiteElo "2031"]
[BlackElo "1978"]
[PlyCount "55"]
[EventDate "2015.01.23"]
[EventType "swiss"]
[EventRounds "5"]
[EventCountry "FIN"]
[SourceTitle "EXT 2016"]
[Source "ChessBase"]
[SourceDate "2015.10.08"]
[SourceVersion "1"]
[SourceVersionDate "2015.10.08"]
[SourceQuality "1"]

1. d4 f5 2. Bg5 c5 3. dxc5 Qa5+ 4. Nc3 Qxc5 5. e4 fxe4 6. Nxe4 Qb4+ 7. Nc3 Nc6 8. Bd2 a6 9. Bd3 Qd6 10. Nf3 Nf6 11. 0-0 e6 12. Ng5 Be7 13. Nce4 Nxe4 14. Bxe4 Bxg5 15. Qh5+ Kd8 16. Bxg5+ Kc7 17. Rad1 Qf8 18. Qh4 b5 19. Qg3+ Kb7 20. Rd6 Qf7 21. Rfd1 Rf8 22. Bd2 g6 23. Ba5 Qf4 24. Qxf4 Rxf4 25. Rxd7+ Bxd7 26. Rxd7+ Kb8 27. Bxc6 Rf8 28. Bxa8 1-0

[Event "Helsinki We HSK"]
[Site "Helsinki"]
[Date "2014.08.30"]
[Round "2"]
[White "Tuovinen, Jukka"]
[Black "Haanpaa, Jorma"]
[Result "1/2-1/2"]
[WhiteElo "2049"]
[BlackElo "2006"]
[PlyCount "44"]
[EventDate "2014.08.29"]
[EventType "swiss"]
[EventRounds "5"]
[EventCountry "FIN"]
[SourceTitle "EXT 2022"]
[Source "ChessBase"]
[SourceDate "2021.10.06"]
[SourceVersion "1"]
[SourceVersionDate "2021.10.06"]
[SourceQuality "1"]

1. e4 d5 2. exd5 Qxd5 3. Nc3 Qa5 4. d4 Nf6 5. Be2 c6 6. Nf3 Ne4 7. Qd3 Nxc3 8. Qxc3 Qxc3+ 9. bxc3 Bf5 10. Bd3 Bxd3 11. cxd3 Nd7 12. Rb1 b6 13. 0-0 e6 14. Re1 Bd6 15. Ne5 Bxe5 16. dxe5 Nc5 17. d4 Nd3 18. Rd1 Nxc1 19. Rbxc1 0-0-0 20. Kf1 Rd7 21. Rd3 Rhd8 22. Ke2 Kb7 1/2-1/2

[Event "FIN-ch Seniors 65+"]
[Site "Helsinki"]
[Date "2014.04.22"]
[Round "6"]
[White "Haanpaa, Jorma"]
[Black "Jalo, Pentti"]
[Result "1-0"]
[WhiteElo "2018"]
[BlackElo "1754"]
[PlyCount "25"]
[EventDate "2014.04.17"]
[EventType "swiss"]
[EventRounds "7"]
[EventCountry "FIN"]
[SourceTitle "EXT 2022"]
[Source "ChessBase"]
[SourceDate "2021.10.06"]
[SourceVersion "1"]
[SourceVersionDate "2021.10.06"]
[SourceQuality "1"]

1. e4 c5 2. Nf3 Nc6 3. c3 e5 4. Bb5 d6 5. d4 cxd4 6. cxd4 Bd7 7. Nc3 exd4 8. Nxd4 a6 9. Be2 Qf6 10. Be3 Nge7 11. 0-0 g6 12. Nxc6 Bxc6 13. Bd4 1-0

[Event "FIN-ch Seniors 65+"]
[Site "Helsinki"]
[Date "2014.04.21"]
[Round "5"]
[White "Alkkiomaki, Jyrki"]
[Black "Haanpaa, Jorma"]
[Result "1-0"]
[WhiteElo "1969"]
[BlackElo "2018"]
[PlyCount "77"]
[EventDate "2014.04.17"]
[EventType "swiss"]
[EventRounds "7"]
[EventCountry "FIN"]
[SourceTitle "EXT 2022"]
[Source "ChessBase"]
[SourceDate "2021.10.06"]
[SourceVersion "1"]
[SourceVersionDate "2021.10.06"]
[SourceQuality "1"]

1. e4 c5 2. Nf3 Nc6 3. d4 cxd4 4. Nxd4 e5 5. Nb3 Nf6 6. Nc3 Bb4 7. Bg5 h6 8. Bxf6 Bxc3+ 9. bxc3 Qxf6 10. Bc4 0-0 11. 0-0 d6 12. Qd3 Be6 13. Bd5 Bxd5 14. Qxd5 Rac8 15. Rad1 Rfd8 16. Rd3 Rc7 17. Rfd1 Ne7 18. Qa5 b6 19. Qb4 Rc6 20. Nc1 Qe6 21. Qa3 a5 22. Ne2 f5 23. exf5 Nxf5 24. Qb3 Kf7 25. Qa4 Ne7 26. Qe4 Qf5 27. Rf3 Qxf3 28. Qxf3+ Kg8 29. Ng3 Rdc8 30. Nf5 Nxf5 31. Qxf5 Rxc3 32. Rxd6 Rxc2 33. Rd8+ Rxd8 34. Qxc2 b5 35. g3 b4 36. Qc7 Rd1+ 37. Kg2 Rd2 38. Qxe5 a4 39. Qb8+ 1-0

[Event "Helsinki-ch 2014 Group M"]
[Site "Helsinki"]
[Date "2014.01.01"]
[Round "4"]
[White "Haanpaa, Jorma"]
[Black "Munukka, Timo"]
[Result "1/2-1/2"]
[WhiteElo "2014"]
[BlackElo "1996"]
[PlyCount "106"]
[EventDate "2013.12.29"]
[EventType "tourn"]
[EventRounds "9"]
[EventCountry "FIN"]
[SourceTitle "EXT 2022"]
[Source "ChessBase"]
[SourceDate "2021.10.06"]
[SourceVersion "1"]
[SourceVersionDate "2021.10.06"]
[SourceQuality "1"]

1. e4 d6 2. d4 Nf6 3. Nc3 g6 4. Bg5 Bg7 5. e5 Ng4 6. Be2 h5 7. h3 Nh6 8. Nf3 c6 9. Ne4 d5 10. Nd6+ Kf8 11. Nxc8 Qxc8 12. Qd2 Nf5 13. 0-0-0 Bh6 14. g4 Bxg5 15. Nxg5 Ng7 16. Qf4 Qe8 17. gxh5 Nxh5 18. Bxh5 Rxh5 19. Ne6+ Kg8 20. Nc7 Qc8 21. Nxa8 Na6 22. Rdg1 Kg7 23. Qg4 Rh8 24. f4 Qxg4 25. hxg4 Rxa8 26. f5 c5 27. Rh3 cxd4 28. Rgh1 Rg8 29. f6+ exf6 30. Rh7+ Kf8 31. exf6 Nc5 32. g5 Ne4 33. Rg1 Ke8 34. Kd1 Rf8 35. Ke2 Kd7 36. Kd3 Ke6 37. Kxd4 Rc8 38. c3 Rc4+ 39. Ke3 Nd6 40. Kd3 Rf4 41. Rh2 Kf5 42. Kc2 Ne4 43. Rh7 Ke6 44. Rh8 Rf5 45. Re8+ Kd6 46. Re7 Nxg5 47. Rxg5 Rxg5 48. Rxf7 Rg2+ 49. Kb3 Kc6 50. Rg7 g5 51. Rg6 Rf2 52. f7+ Kc5 53. Rxg5 Rxf7 1/2-1/2

[Event "Helsinki We HSK 1st 60+60"]
[Site "Helsinki"]
[Date "2014.??.??"]
[Round "4"]
[White "Kumpulainen, Jari"]
[Black "Haanpaa, Jorma"]
[Result "1-0"]
[WhiteElo "1904"]
[BlackElo "2018"]
[PlyCount "55"]
[EventDate "2014.??.??"]
[EventType "swiss"]
[EventRounds "5"]
[EventCountry "FIN"]
[SourceTitle "EXT 2022"]
[Source "ChessBase"]
[SourceDate "2021.10.06"]
[SourceVersion "1"]
[SourceVersionDate "2021.10.06"]
[SourceQuality "1"]

1. e4 d6 2. d4 Nf6 3. Nc3 c6 4. Be3 Qa5 5. f3 e5 6. Bc4 Nbd7 7. Nge2 d5 8. exd5 cxd5 9. Bb3 e4 10. fxe4 dxe4 11. 0-0 Bb4 12. a3 Bxc3 13. Nxc3 0-0 14. h3 Re8 15. Qe1 Nf8 16. Qg3 Ng6 17. Rxf6 gxf6 18. Nd5 Qd8 19. Rf1 Kh8 20. Nxf6 Re7 21. Qg5 Qf8 22. Qh5 Qg7 23. Bh6 Qxf6 24. Rxf6 Be6 25. d5 Bd7 26. Be3 Re5 27. Qh6 Rae8 28. Rxf7 1-0

[Event "Helsinki We HSK 5th"]
[Site "Helsinki"]
[Date "2014.??.??"]
[Round "3"]
[White "Riihimaki, Pekka"]
[Black "Haanpaa, Jorma"]
[Result "1/2-1/2"]
[WhiteElo "1974"]
[BlackElo "2018"]
[PlyCount "28"]
[EventDate "2014.??.??"]
[EventType "swiss"]
[EventRounds "5"]
[EventCountry "FIN"]
[SourceTitle "EXT 2022"]
[Source "ChessBase"]
[SourceDate "2021.10.06"]
[SourceVersion "1"]
[SourceVersionDate "2021.10.06"]
[SourceQuality "1"]

1. e4 e6 2. d4 d5 3. Nc3 dxe4 4. Nxe4 Nd7 5. Nf3 Ngf6 6. Nxf6+ Nxf6 7. Bd3 c5 8. 0-0 cxd4 9. Nxd4 Be7 10. c3 a6 11. Bg5 Nd5 12. Bxe7 Qxe7 13. Qf3 Qf6 14. Qxf6 Nxf6 1/2-1/2

[Event "FIN-ch op"]
[Site "Helsinki"]
[Date "2014.??.??"]
[Round "3"]
[White "Seppanen, Ville"]
[Black "Haanpaa, Jorma"]
[Result "1-0"]
[WhiteElo "1959"]
[BlackElo "2018"]
[PlyCount "123"]
[EventDate "2014.06.??"]
[EventType "swiss"]
[EventRounds "9"]
[EventCountry "FIN"]
[SourceTitle "EXT 2017"]
[Source "ChessBase"]
[SourceDate "2016.10.25"]
[SourceVersion "1"]
[SourceVersionDate "2016.10.25"]
[SourceQuality "1"]

1. e4 d6 2. d4 g6 3. c4 Bg7 4. Nf3 Bg4 5. Be2 Nc6 6. Be3 Bxf3 7. Bxf3 e5 8. d5 Nd4 9. Bxd4 exd4 10. Qa4+ Qd7 11. Qxd7+ Kxd7 12. Bg4+ Ke7 13. Nd2 c5 14. 0-0 Nf6 15. Bh3 Rhe8 16. f4 Kf8 17. Rae1 Ng8 18. Nf3 Bf6 19. e5 Be7 20. f5 dxe5 21. fxg6 hxg6 22. Nxe5 Nf6 23. Nd7+ Nxd7 24. Bxd7 Red8 25. Be6 f6 26. Rf3 Kg7 27. Bc8 Bd6 28. Bxb7 Rab8 29. Rb3 Be5 30. Rb5 d3 31. Rd1 Re8 32. Rxd3 Re7 33. Bc6 Rxb5 34. Bxb5 Bd6 35. Kf2 a6 36. Bxa6 Ra7 37. Ra3 Be5 38. b3 Bd4+ 39. Kf1 f5 40. g3 Kf6 41. Ra4 Rh7 42. h4 f4 43. Kg2 Kf5 44. Kf3 fxg3 45. Bc8+ Ke5 46. Kxg3 Bc3 47. Ra6 Be1+ 48. Kf3 Bxh4 49. Rxg6 Rf7+ 50. Ke3 Bf2+ 51. Kd3 Rc7 52. Re6+ Kf4 53. Rf6+ Kg3 54. Be6 Bd4 55. Rg6+ Kh4 56. Rg4+ Kh5 57. Rxd4 cxd4 58. Kxd4 Ra7 59. a4 Rb7 60. d6 Rxb3 61. d7 Rb8 62. c5 1-0